Vybrané problémy hodnotenia výkonnosti podniku
Vyjadrenie výnosnosti pomocou ukazovateľov rentability ROI, ROA, ROE. Vypovedacia schopnosť a zhodnotenie týchto ukazovateľov. Aký zisk a kedy využiť v čitateli ukazovateľov rentability. Nové trendy hodnotenia výkonnosti. Produkčná a realizačná výkonnosť podniku. Význam a využitie ukazovateľov EVA....
Salvato in:
| Autore principale: | |
|---|---|
| Natura: | Capitolo di libro |
| Lingua: | slovacco |
| Soggetti: | |
| Tags: |
Nessun Tag, puoi essere il primo ad aggiungerne!!
|
MARC
| LEADER | 00000nla a2200000 4500 | ||
|---|---|---|---|
| 001 | 0192740 | ||
| 005 | 20240417075049.4 | ||
| 041 | 0 | |a slo | |
| 044 | |a SK | ||
| 245 | 1 | 0 | |a Vybrané problémy hodnotenia výkonnosti podniku |c Jana Czillingová |
| 520 | |a Vyjadrenie výnosnosti pomocou ukazovateľov rentability ROI, ROA, ROE. Vypovedacia schopnosť a zhodnotenie týchto ukazovateľov. Aký zisk a kedy využiť v čitateli ukazovateľov rentability. Nové trendy hodnotenia výkonnosti. Produkčná a realizačná výkonnosť podniku. Význam a využitie ukazovateľov EVA. Porovnanie EVA s EPS, ROA. | ||
| 610 | 2 | 0 | |a podnik |
| 610 | 2 | 0 | |a výnosy podnikové |
| 610 | 2 | 0 | |a výkonnosť podniku |
| 610 | 2 | 0 | |a rentabilita |
| 610 | 2 | 0 | |a ukazovatele rentability |
| 610 | 2 | 0 | |a ukazovateľ EVA |
| 100 | 1 | |a Czillingová, Jana | |